[Event "Bangkok Blue Chevaliers op"]
[Site "Bangkok"]
[Date "2023.04.13"]
[Round "3"]
[White "Makarov, Nikolay Val"]
[Black "Badmatsyrenov, Oleg"]
[Result "0-1"]
[WhiteElo "2223"]
[BlackElo "2437"]
[PlyCount "120"]
[EventDate "2023.04.12"]
[EventType "swiss"]
[EventRounds "9"]
[EventCountry "THA"]
[SourceTitle "EXT 2024"]
[Source "ChessBase"]
[SourceDate "2023.10.10"]
[SourceVersion "1"]
[SourceVersionDate "2023.10.10"]
[SourceQuality "1"]

1. e4 c5 2. d4 cxd4 3. Qxd4 Nc6 4. Qd3 g6 5. Nf3 Bg7 6. Nc3 d6 7. Be2 Nf6 8. Nd5 0-0 9. c3 Bg4 10. Bg5 Nd7 11. h3 Bxf3 12. Qxf3 f5 13. Qe3 fxe4 14. Bg4 Nc5 15. 0-0-0 Nd3+ 16. Rxd3 exd3 17. Kb1 Qa5 18. h4 Kh8 19. h5 Qxd5 20. hxg6 Ne5 21. Qh3 h6 22. Bxh6 Nxg4 23. Bd2+ Nh6 24. Bxh6 Qf5 25. Bxg7+ Kxg7 26. Qh6+ Kf6 27. g7+ Kf7 28. gxf8Q+ Rxf8 29. Qd2 Rg8 30. f3 Rg5 31. Ka1 Qg6 32. g4 Re5 33. Rd1 Re2 34. Qf4+ Ke8 35. a3 d2 36. Rxd2 Re1+ 37. Ka2 Qe6+ 38. c4 a5 39. Rd5 a4 40. Qf5 Qxf5 41. Rxf5 Rc1 42. Rf4 Kd7 43. c5 d5 44. Rxa4 e5 45. Rb4 Kc6 46. Rb6+ Kxc5 47. Rxb7 Rf1 48. Rb3 d4 49. Rb8 Rxf3 50. Re8 Kd5 51. a4 d3 52. Kb3 Kd4 53. a5 Rf1 54. g5 d2 55. Rd8+ Ke3 56. a6 d1Q+ 57. Rxd1 Rxd1 58. Kc4 Kf4 59. g6 e4 60. a7 Rd8 0-1

[Event "Bangkok Thailand op"]
[Site "Bangkok"]
[Date "2021.12.17"]
[Round "4"]
[White "Burbach, Brunel Baron"]
[Black "Makarov, Nikolay Val"]
[Result "0-1"]
[WhiteElo "1757"]
[BlackElo "2306"]
[PlyCount "92"]
[EventDate "2021.12.15"]
[EventType "swiss"]
[EventRounds "9"]
[EventCountry "THA"]
[SourceTitle "CBM 206 Extra"]
[Source "ChessBase"]
[SourceDate "2022.03.31"]
[SourceVersion "1"]
[SourceVersionDate "2022.03.31"]
[SourceQuality "1"]

1. e4 c5 2. Nf3 e6 3. c3 d5 4. exd5 Qxd5 5. d4 Nf6 6. Be2 Nc6 7. 0-0 cxd4 8. Nxd4 Nxd4 9. Qxd4 Qxd4 10. cxd4 Be7 11. Bf3 0-0 12. Nc3 Rd8 13. Rd1 a6 14. Bf4 Bd6 15. Bxd6 Rxd6 16. b3 Rb8 17. Rac1 Kf8 18. Ne4 Nxe4 19. Bxe4 Bd7 20. f4 Bc6 21. Bxc6 bxc6 22. Rc4 Ke7 23. Kf2 Rb5 24. h4 h5 25. Ke3 Ra5 26. a4 Kd7 27. Rdc1 Rad5 28. Rb4 Kc7 29. Rc5 Rxc5 30. dxc5 Rd5 31. Rc4 a5 32. g3 Rd1 33. Ke2 Rb1 34. Rc3 Kd7 35. Rd3+ Kc7 36. Ke3 f6 37. Kd4 Rc1 38. Re3 Kd7 39. Rd3 Ke7 40. Re3 Rd1+ 41. Kc4 Rc1+ 42. Kd4 g6 43. Rd3 Re1 44. Kc4 e5 45. fxe5 fxe5 46. Rd6 Rc1+ 0-1